|
|
|
|
| LEADER |
02026nam a2200481 a 4500 |
| 001 |
nkc20051581882 |
| 003 |
CZ PrNK |
| 005 |
20100831125956.0 |
| 007 |
ta |
| 008 |
050913s2005 xr e 010 0 cze |
| 015 |
|
|
|a cnb001581882
|
| 020 |
|
|
|a 80-239-5673-6
|q (brož.)
|
| 040 |
|
|
|a BOA001
|b cze
|
| 043 |
|
|
|a e-xr---
|b e-xr-jm
|2 czenas
|
| 072 |
|
7 |
|a 373.5
|x Střední školy
|2 Konspekt
|9 22
|
| 080 |
|
|
|a 373.5.011.3-052
|2 MRF
|
| 080 |
|
|
|a 37.0
|2 MRF
|
| 080 |
|
|
|a 371.8
|2 MRF
|
| 080 |
|
|
|a 371.87
|2 MRF
|
| 080 |
|
|
|a (437.322)
|2 MRF
|
| 080 |
|
|
|a (082.2)
|2 MRF
|
| 100 |
1 |
|
|a Rácek, Jindřich,
|d 1953-
|7 mzk2006317958
|4 aut
|
| 245 |
1 |
0 |
|a Stručný nástin dějin Masarykova studentského domova a spolků podílejících se na jeho vzniku a činnosti /
|c Jindřich Rácek
|
| 260 |
|
|
|a Brno :
|b Masarykův studentský domov,
|c 2005
|
| 300 |
|
|
|a 114 s. ;
|c 30 cm
|
| 500 |
|
|
|a Vydáno k 75. výročí vzniku MSD a 155. výročí narození TGM
|
| 504 |
|
|
|a Obsahuje bibliografie
|
| 610 |
2 |
7 |
|a Masarykův studentský domov (Brno, Česko)
|7 mzk2006318320
|2 czenas
|
| 650 |
0 |
7 |
|a středoškolští studenti
|7 ph126243
|z Česko
|2 czenas
|
| 650 |
0 |
7 |
|a výchova a vzdělávání
|7 ph127419
|z Česko
|2 czenas
|
| 650 |
0 |
7 |
|a studentský život
|7 ph126164
|z Česko
|2 czenas
|
| 650 |
0 |
7 |
|a internáty
|7 ph335390
|z Česko
|2 czenas
|
| 650 |
0 |
7 |
|a internáty
|7 ph335390
|x dějiny
|2 czenas
|
| 651 |
|
7 |
|a Brno (Česko)
|7 ge134084
|2 czenas
|
| 655 |
|
7 |
|a jubilejní publikace
|7 fd131839
|2 czenas
|
| 856 |
4 |
1 |
|u http://www.digitalniknihovna.cz/mzk/uuid/uuid:0f768aa0-88d7-11e3-bd09-005056827e51
|y Digitalizovaný dokument
|x NDK
|
| 910 |
2 |
|
|a BOA001
|b 3-1167.489
|
| 990 |
|
|
|a BK
|
| 995 |
|
|
|a 60
|
| 991 |
|
|
|b 200605
|c NOV
|
| 996 |
6 |
|
|b 2610277748
|c 3-1167.489
|l MZK
|r Sklad / do 1 hodiny
|n 0
|p p.v.
|w 000813938
|u 000010
|a 1
|e BOA001
|j MZK50
|s P
|
| 996 |
7 |
|
|b 2610277749
|c 3-1167.489
|l MZK
|r Sklad / do 1 hodiny
|n 8
|p p.v.
|w 000813938
|u 000020
|a 1
|e BOA001
|j MZK50
|s A
|
| 996 |
7 |
|
|b 2610447064
|c 3-1167.489
|l MZK
|r Sklad / do 1 hodiny
|n 5
|p dar
|w 000813938
|u 000030
|a 1
|e BOA001
|j MZK50
|s A
|